Buenas prácticas en la prevención de conducir bajo la influencia del alcohol = Good practices in the prevention of driving under the influence of alcohol /

Gespeichert in:
Bibliographische Detailangaben
1. Verfasser: Marín Picado, Bradly
Weitere Verfasser: Prado-Calderón, Esteban
Format: Text
Tags: Tag hinzufügen
Keine Tags, Fügen Sie den ersten Tag hinzu!

MARC

LEADER 00000 a a2200000 04500
001 47327
003
040
100 |a Marín Picado, Bradly  
245 |a Buenas prácticas en la prevención de conducir bajo la influencia del alcohol =   |b Good practices in the prevention of driving under the influence of alcohol /  |c Bradly Marín Picado, Esteban Prado-Calderón  
700 |a Prado-Calderón, Esteban  
773 |a volumen93, número1, (2014), páginas 73-83: tabla  
999 |c 38183  |d 38183